| 000 | 00782nam a2200217Ii 4500 | ||
|---|---|---|---|
| 003 | JO-AjNU | ||
| 008 | 230605s9999||||xx |||||||||||||| ||und|| | ||
| 017 | _a2005/12/2903 | ||
| 040 |
_aJO-AjNU _bara _erda _cJO-AjNU |
||
| 041 | _aara | ||
| 050 | 1 | 4 | _aCT3990.A2.K4322 2005 |
| 100 | 3 |
_aالخطيمي، احمد, _eauthor _950161 |
|
| 245 | 0 | 0 | _aعلماء الأردن في العصور الإسلامية |
| 250 | _aط1 | ||
| 264 | 3 | 1 | _aعمان: دار صفاء، 2007 |
| 300 |
_a299ص _bفهارس ص(261-276) ،(271-272) |
||
| 336 |
_atext _btxt _2rdacontent |
||
| 337 |
_aunmediated _bn _2rdamedia |
||
| 338 |
_avolume _bnc _2rdacarrier |
||
| 650 | 4 |
_aالعلماء--التراجم--الاردن--تراجم--تاريخ الاردن--التاريخ الاسلامي _950162 |
|
| 999 |
_aA22079 _c25647 _d25647 |
||